000 00420 a2200157 4500
999 _c11969
_d11969
003 OSt
005 20231229163257.0
008 231229b ||||| |||| 00| 0 eng d
020 _a9788968010194
082 _a712
100 _aTrudi Entwistle; ‎Edwin Knighton
245 _aDamdi Academic Series 4:
_bVisual communication for landscape architecture
260 _bDamdi
_c2017
300 _a231pages:
942 _2ddc